World Capitals Closest to Saga - Statistics

General Stats
  • This quiz has been taken 283 times
    228 since last reset
  • The average score is 15 of 20
Answer Stats
km capital miles % Correct
1253 Islamabad 779
92%
2343 Bangkok 1456
87%
2266 Hanoi 1408
86%
1623 Kabul 1008
85%
181 Kathmandu 113
85%
800 Dhaka 497
79%
1782 Bishkek 1107
78%
782 New Delhi 486
78%
1966 Tashkent 1221
78%
2688 Astana 1670
76%
2171 Vientiane 1349
75%
479 Thimphu 297
74%
1830 Dushanbe 1137
73%
2657 Ashgabat 1651
72%
2840 Phnom Penh 1765
71%
3061 Malé 1902
67%
1531 Naypyidaw 951
63%
2560 Sri Jayawardenapura Kotte 1590
59%
2779 Ulan Bator 1729
53%
2729 Muscat 1696
39%
No matching quizzes found
Score Distribution
Percent of People with Each Score
Percentile by Number Answered
Your Score History
You have not taken this quiz since the last reset